One day at a time- ATEEZ - Statistiques

Statistiques générales
  • Ce quiz a été pris 45 fois
  • Le résultat moyen est 194 sur 393
Statistiques - réponses
Réponse % Correct
a
89%
on
85%
time
85%
day
81%
I
78%
the
78%
at
70%
be
70%
it
70%
It
70%
you
70%
You
70%
(you
70%
me
67%
me,
67%
One
67%
When
67%
when
67%
don't
63%
Don't
63%
for
63%
If
63%
It's
63%
it's
63%
can
59%
go
59%
go)
59%
I'll
59%
slow
59%
slow)
59%
so
59%
to
59%
up,
59%
up
59%
we
59%
We
59%
your
59%
edge
56%
end,
56%
get,
56%
get
56%
here
56%
here,
56%
hit
56%
let
56%
(Let
56%
mind
56%
Say
56%
See
56%
see
56%
there
56%
and
52%
And
52%
'cause
52%
'Cause
52%
down
52%
down,
52%
down)
52%
feeling
52%
forget
52%
hard
52%
hold
52%
just
52%
Just
52%
Kakao
52%
like
52%
my
52%
pressure
52%
reach
52%
scared,
52%
smile
52%
that
52%
worries
52%
you're
52%
You're
52%
bit
48%
breath
48%
coffee
48%
Counting
48%
DM,
48%
escape
48%
gotta
48%
lean
48%
living
48%
matter
48%
no
48%
no,
48%
or
48%
somebody
48%
take
48%
tweet,
48%
whenever
48%
word,
48%
again,
44%
alright,
44%
been
44%
can't
44%
days
44%
doubt
44%
gon'
44%
gonna
44%
hide,
44%
losing
44%
sometimes
44%
Thousand
44%
under
44%
wanna
44%
yeah
44%
Yeah,
44%
face
41%
forever
41%
hand
41%
help
41%
holding
41%
I'm
41%
in
41%
miles,
41%
overwhelming,
41%
think
41%
tight
41%
wait
41%
ya
41%
break
37%
easy
37%
helping
37%
life,
37%
need
37%
other
37%
side
37%
talk
37%
You'll
37%
catch
33%
facetime
33%
fall
33%
feels
33%
free
33%
keep
33%
meet
33%
(Oh,
33%
Oh,
33%
out
33%
'Til
33%
we're
33%
We're
33%
carry
30%
love
30%
trapped
30%
all
26%
box
26%
look
26%
moment
26%
stop,
26%
us,
26%
us
26%
built
22%
come
22%
far
22%
pull
22%
Put
22%
stay
22%
they
22%
this
22%
What
22%
yourself
22%
ain't
19%
calm
19%
Even
19%
lot,
19%
swimming
19%
together
19%
tripping
19%
back,
15%
gets
15%
have,
15%
never
15%
try,
15%
about
11%
apart
11%
but
11%
could
11%
drown
11%
ever
11%
honest
11%
lock,
11%
luck
11%
ooh,
11%
too
11%
top,
11%
Trying
11%
tryna
11%
you've
11%
better
7%
from
7%
much,
7%
overthink
7%
stormy
7%
though
7%
weather
7%
long,
4%
long
4%
Only
4%
pouring,
4%
Rain's
4%
Won't
4%
won't
4%
lasts
0%
winking
0%
Aucun quiz correspondant
Distribution des résultats
% des personnes avec chaque résultat
Percentile par nombre de réponses
Votre historique - résultats
Vous n’avez pas pris ce quiz